Normal view
MARC view
- MARIA ANTONIETA,
Entry Nombre Personal
001 - NUMERO DE CONTROL
- campo de control: 16331
003 - IDENTIFICADOR DE NUMERO DE CONTROL
- campo de control: UPN
005 - FECHA Y HORA DE LA ÜLTIMA TRANSACCIÓN
- campo de control: 20210219193845.0
008 - DATOS DE LONGITUD FIJA
- campo de control de longitud fija: nabaccnnaabn|||||||||| b |nc|||||d
035 ## - NUMERO DE CONTROL
- Número de control: UPN10000016339
040 ## - FUENTE DE CATALOGACIÓN
- Lenguaje de catalogación: SPA
- Agencia de transcripción: UPN
053 #4 - NÚMERO DE CLASIFICACIÓN LC
- Número de clasificación elemento-número único o número inicial de tramo: DC137.1
100 0# - ENCABEZAMIENTO - NOMBRE PERSONAL
- Nombre personal: MARIA ANTONIETA,
- Títulos u otras palabras asociadas al nombre: REINA, CONSORTE DE LUIS XVI, REY DE FRANCIA,
- Fechas asociadas con el nombre: 1755-1793
670 ## - FUENTE EN LA QUE SE LOCALIZARON DATOS
- Cita de la fuente: LC
- Información localizada: Marie Antoinette, Queen, consort of Louis XVI, King of France, 1755-1793
902 ## - CATALOGADOR
- Catalogador: MCM/230502
